Генезис жанру хоррор (на прикладі Стівена Кінга та Говарда Лавкрафта) (Запис № 285969)

МАРК-запис
000 -Лідер
fixed length control field 01996nam a22002297a 4500
001 - Контрольний номер
control field 216222711
003 - Ідентифікатор контрольного номера
control field UA-OsUOA
005 - Дата та час останнього входження (трансакції)
control field 20220823121404.0
008 - Елементи даних фіксованої довжини – загальна інформація
fixed length control field 220823b un ||||f |||| 00| 0 ukr d
040 ## - Джерело каталогізації
Агенція оригінальної каталогізації UA-OsUOA
Мова каталогізації ukr
Агенція, яка здійснювала перезапис UA-OsUOA
Агенція, яка здійснювала модифікацію UA-OsUOA
041 ## - Код мови
Код мови тексту/ звукової доріжки чи окремого заголовка (П) ukr
080 ## - Індекс Універсальної десяткової класифікації
Індекс Універсальної десяткової класифікації (УДК) (НП) 82
090 ## - Локальний шифр розміщення
Класифікаційний індекс УДК 82
Авторський знак (НП) С32
100 ## - Основне введення – ім’я особи
Ім’я особи (НП) Сергійчук С. О.
245 ## - Відомості про назву
Назва (НП) Генезис жанру хоррор (на прикладі Стівена Кінга та Говарда Лавкрафта)
Дані про відповідальність (НП) Сергійчук С. О.
260 ## - Публікація, розповсюдження і т.п. (Вихідні дані)
Місце публікації, розповсюдження і т.п. (П) Острог
Ім’я/ наймення видавництва, розповсюджувача і т.п. (П) КАФ
Дата публікації, розповсюдження і т.п. (П) 2017
300 ## - Фізичний опис
Обсяг 55 c.
520 ## - Резюме і т.п.
Резюме, реферат, анотація, тощо (НП) Вступ.<br/>Розділ І. Теоретичні основи жанру хоррор.<br/>1.1. Зародження жанру хоррор<br/>1.2. Життєвий шлях Говарда Лавкрафта<br/>1.3. життєвий шлях Стівена Кінга<br/>Розділ ІІ. Дослідження творчості Говарда Лавкрафта та Стівена Кінга на основі прочитаних творів авторів.<br/>2.1. Вплив зовнішніх та внутрішніх факторів на творчість Кінга<br/>2.2. Техніка письма та виражальні засоби у творах Стівена Кінга<br/>2.3. Особливості творчості Говарда Лавкрафта<br/>2.4. Говард Лавкрафт: індустрія страху<br/>Розділ ІІІ. Жанр хоррор сьогодні. Прогнози його розвитку.<br/>3.1. Феномен творчості Говарда Лавкрафта та Стівена Кінга сьогодні<br/>3.2. Перспективи розвитку жанру хоррор у англомовній літератури<br/>Висновки.<br/>Список використаної літератури.
650 ## - Додаткове предметне введення – тематичний термін
Тематичний термін чи географічна назва, як елемент введення (НП) 82 Художня література. Літературознавство
Джерело заголовка чи терміна UDC
942 ## - Додаткові елементи входу (Коха)
Тип елемента Koha Книги
Source of classification or shelving scheme Universal Decimal Classification
955 ## - Код типу видання за змістом
Код типу видання за змістом (НП) Наукові видання
Фонди
Стан вилучень Стан втрат Джерело класифікації або схеми стелажів Стан уражень Не для кредиту Постійне місце розташування Поточне розміщення Дата придбання Джерело придбання Вартість, звичайна ціна покупки Повний номер виклику Штрих-код Дата останнього перегляду Вартість, ціна заміни Ціна ефективна від Тип елемента Koha Примітка, призначена для загального доступу
    Universal Decimal Classification     ВІЛ - Відділ іноземн. літератури НБ ВІЛ - Відділ іноземн. літератури НБ 27/06/2017 Акт №02/17 1.00 82 С32 216058 10/11/2021 1.00 27/06/2017 Книги Дипломна робота (бакалавр)